characters in avengers infinity war - Statistics

General Stats
  • This quiz has been taken 11 times
    6 since last reset
  • The average score is 25 of 37
Answer Stats
Answer % Correct
gamora
100%
groot
100%
peter parker/ spider-man
100%
peter quill/ star lord
100%
rocket
100%
steven strange/ dr strange
100%
steve rogers/ captain america
100%
thanos
100%
tony stark/ iron man
100%
bruce banner/ hulk
80%
bucky barnes/ winter soldier
80%
drax
80%
ebony maw
80%
mantis
80%
natasha romanhoff/ black widow
80%
thor
80%
vision
80%
wanda maximhoff/ scarlet witch
80%
wong
80%
cull obsidian
60%
heimdall
60%
james rhodes/ war machine
60%
loki
60%
m'baku
60%
nebula
60%
okoye
60%
proxima midnight
60%
sam wilson/ falcon
60%
shuri
60%
eitri
40%
red skull
40%
t'challa/ black panter
40%
the collector
40%
ayo
20%
thaddeus ross
20%
f.r.i.d.a.y.
0%
pepper pots
0%
No matching quizzes found
Score Distribution
Percent of People with Each Score
Percentile by Number Answered
Your Score History
You have not taken this quiz since the last reset